000 00310nam a2200133 i 4500
001 bg
100 1 _aMARKS, A.
245 0 _aAtlantyda - fantazja czy rzeczywistość /
_cA. Marks.
260 _aGdańsk,
_c1986.
040 _cBPK
041 _apol
942 _cKS
008 s pl f |000 0 pol
999 _c23380
_d23380
856 _uhttp://koha.tu.koszalin.pl/cgi-bin/koha/opac-detail.pl?biblionumber=23380
_yKatalog online BPK